[Event "Salento op 6th"]
[Site "Gallipoli"]
[Date "2001.07.01"]
[Round "5"]
[White "Palma, Antonio"]
[Black "Ferri, Giuseppe"]
[Result "0-1"]
[WhiteElo "1729"]
[BlackElo "1732"]
[PlyCount "102"]
[EventDate "2001.06.29"]
[EventType "swiss"]
[EventRounds "6"]
[EventCountry "ITA"]
[SourceTitle "EXT 2002"]
[Source "ChessBase"]
[SourceDate "2001.11.25"]
[SourceVersion "1"]
[SourceVersionDate "2001.11.25"]
[SourceQuality "1"]

1. d4 d5 2. c4 c6 3. Nc3 Nf6 4. e3 e6 5. Nf3 Nbd7 6. Bd3 dxc4 7. Bxc4 b5 8. Bd3 a6 9. 0-0 Bb7 10. e4 Be7 11. Re1 c5 12. Bc2 cxd4 13. Nxd4 Nb6 14. e5 Nfd5 15. Qg4 g6 16. Ne4 Nb4 17. Bb3 h5 18. Qf4 Nd3 19. Qe3 Nxe1 20. Bd2 Nd5 21. Qxe1 Qb6 22. Nf3 Qd8 23. Rd1 a5 24. Nd6+ Bxd6 25. exd6 Qxd6 26. Bxa5 Qe7 27. Bd2 Rg8 28. Ng5 Ra6 29. Qe2 Nc7 30. a3 Bd5 31. Bc2 Bc4 32. Qf3 Bd5 33. Qf4 e5 34. Qg3 Rc6 35. Bb4 Qf6 36. Ne4 Bxe4 37. Bxe4 Rc4 38. f3 Ne6 39. Bd5 Rd4 40. Bc6+ Kd8 41. Re1 Nf4 42. Bxb5 Rxb4 43. axb4 Qb6+ 44. Qf2 Qxb5 45. Rd1+ Ke7 46. Qd2 Ne2+ 47. Kf2 Nd4 48. Qg5+ f6 49. Qh6 Ke6 50. Rd2 Qxb4 51. Qe3 Rc8 0-1